00522nam a2200157Ia 450000500170000000800410001708200130005810000210007124500470009226000460013930000130018550000500019894200060024895200950025499900150034920250626011616.0240331s9999 xx 000 0 und d bWIJa352 aWijesinghe,P.R.H 0aSanwardena virodhi Sri Lanka deshapalanaya aMoratuwabD. P. Dodamgoda & Companyc1978 a123 p ., aA book on Anti Development Sr Lankan Politics cL 001040708LaWERCLbWERCLcSSCd2024-03-31l0o 352 WIJp3460r2024-03-31w2024-03-31yL c5140d5140